Know your shapes & colours (Record no. 550139)
[ view plain ]
| 000 -LEADER | |
|---|---|
| fixed length control field | 00264nam a22001097a 4500 |
| 082 ## - DEWEY DECIMAL CLASSIFICATION NUMBER | |
| Classification number | 778.6 |
| Author Mark | ALK |
| -- | D |
| 245 ## - TITLE STATEMENT | |
| Title | Know your shapes & colours |
| 260 ## - PUBLICATION, DISTRIBUTION, ETC. | |
| Place of publication, distribution, etc. | India |
| Name of publisher, distributor, etc. | Alka Publications |
| 300 ## - PHYSICAL DESCRIPTION | |
| Other physical details | ill |
| 526 ## - STUDY PROGRAM INFORMATION NOTE | |
| Program name | 0 |
| Interest level | 0 |
| Reading level | 0 |
| Title point value | 778_600000000000000_ALK |
| 942 ## - ADDED ENTRY ELEMENTS (KOHA) | |
| Source of classification or shelving scheme | |
| Koha item type | Book |
| Withdrawn status | Lost status | Source of classification or shelving scheme | Damaged status | Not for loan | Permanent Location | Current Location | Date acquired | Total Checkouts | Full call number | Barcode | Date last seen | Date last checked out | Price effective from | Koha item type |
|---|---|---|---|---|---|---|---|---|---|---|---|---|---|---|
| Military College of Engineering (MCE) | Military College of Engineering (MCE) | 10/24/2014 | 1 | 778.6 ALK | MCE-44523 | 01/15/2021 | 04/20/2020 | 10/24/2014 | Book |
